000 00638nam a2200205 a 4500
005 20250307063817.0
008 991125s1981 es 000 0 spa u
020 _a8426904270
035 _aUPN01000044161
049 _aCG
050 4 _aHV2395
_bF9.68
100 1 _aFurth, Hans G.,
_d1920-1999
_930901
245 1 0 _aPensamiento sin lenguaje :
_bimplicaciones psicológicas de la sordera /
_cHans G. Furth ; tr. Ricardo Bellas.
260 _aMadrid :
_bMarova,
_c1981.
300 _a247 p. :
_bil.
440 0 _aBiblioteca Marova de estudios del hombre ;
_v38
650 4 _aPensamiento
_95399
650 2 _aSordos
_96005
905 _aLibro
999 _c44161
_d44161